UM Logo

Dealing with the deaf: (Record no. 16354)

MARC details
000 -LEADER
fixed length control field 00715nam a2200157 4500
008 - FIXED-LENGTH DATA ELEMENTS--GENERAL INFORMATION
fixed length control field 220117b ||||| |||| 00| 0 eng d
022 ## - INTERNATIONAL STANDARD SERIAL NUMBER
International Standard Serial Number 0893-8989
082 ## - DEWEY DECIMAL CLASSIFICATION NUMBER
Classification number DPer 363.205 P75 Sept 2013-May 2016 v. 37 & 40, n. 9-11/1-5
100 ## - MAIN ENTRY--PERSONAL NAME
Personal name Murgado, Amaury.
9 (RLIN) 43795
245 ## - TITLE STATEMENT
Title Dealing with the deaf:
Remainder of title you will come in contact with hearing impaired people in your career, and you need to know what to do and what not to do/
Statement of responsibility, etc. Amaury Murgado.
260 ## - PUBLICATION, DISTRIBUTION, ETC. (IMPRINT)
Place of publication, distribution, etc. California:
Name of publisher, distributor, etc. Bobit Business Media,
Date of publication, distribution, etc. ©Sept 2013-May 2016.
300 ## - PHYSICAL DESCRIPTION
Extent v37 n9, pages 16-18;
Other physical details illustrations;
Dimensions 27 cm.
500 ## - GENERAL NOTE
General note Police: the law enforcement magazine.
650 ## - SUBJECT ADDED ENTRY--TOPICAL TERM
Topical term or geographic name as entry element Law enforcement
General subdivision Education
-- Hearing impaired.
9 (RLIN) 43796
942 ## - ADDED ENTRY ELEMENTS (KOHA)
Source of classification or shelving scheme Dewey Decimal Classification
Koha item type Periodicals
Holdings
Withdrawn status Lost status Source of classification or shelving scheme Damaged status Not for loan Collection code Home library Current library Date acquired Total Checkouts Full call number Date last seen Price effective from Koha item type Public note
    Dewey Decimal Classification     Periodicals UM Digos College - LIC UM Digos College - LIC 01/17/2022   DPer 363.205 P75 Sept 2013-May 2016 v. 37 & 40, n. 9-11/1-5 01/17/2022 01/17/2022 Periodicals Periodical article